[Event "Junior Online 4NCL Division 3"]
[Site "online"]
[Date "2021.10.28"]
[EventDate "2021.10.28"]
[Round "6.34"]
[White "Beer, James"]
[WhiteElo "1275"]
[WhiteTeam "Colchester Juniors B"]
[Black "Kohli, Aryan"]
[BlackElo "1251"]
[BlackTeam "The Hall 2"]
[Result "0-1"]
[PlyCount "50"]

1. e4 c5 2. Nf3 d6 3. Bc4 e6 4. Nc3 Nc6 5. d3 Nf6 6. Bg5 Be7 7. d4 cxd4 8. Nxd4 Nxd4 9. Qxd4 Bd7 10. O-O O-O 11. Rfe1 Ng4 12. Bxe7 Qxe7 13. h3 Nf6 14. e5 dxe5 15. Rxe5 Bc6 16. Bb5 Bxb5 17. Nxb5 Nd7 18. Re4 Qf6 19. Qxd7 Qxb2 20. Qd1 Qxb5 21. Rb1 Qc6 22. Rg4 b6 23. Qf3 Qxc2 24. Qf6 Qxb1+ 25. Kh2 g6 0-1

[Event "Junior Online 4NCL Division 3"]
[Site "online"]
[Date "2021.10.28"]
[EventDate "2021.10.28"]
[Round "6.36"]
[White "Agarwal, Mihir"]
[WhiteElo "1344"]
[WhiteTeam "The Hall 2"]
[Black "Salkauskas, Deimantas"]
[BlackElo "1346"]
[BlackTeam "Colchester Juniors B"]
[Result "0-1"]
[PlyCount "106"]

1. e4 e5 2. Nf3 Nc6 3. Bc4 Bc5 4. c3 Nf6 5. d4 exd4 6. e5 Ng4 7. cxd4 Bb4+ 8. Bd2 O-O 9. O-O d5 10. Bxb4 Nxb4 11. Bb3 Be6 12. Nc3 b6 13. h3 Nh6 14. a3 Nc6 15. Qd3 Bf5 16. Qd2 Qd7 17. Kh2 Ne7 18. Bc2 Bxc2 19. Qxc2 c5 20. dxc5 bxc5 21. Rfd1 Qe6 22. Re1 Nef5 23. Nb5 Rfc8 24. Rad1 Nd4 25. Nbxd4 cxd4 26. Qd3 Nf5 27. Nxd4 Nxd4 28. Qxd4 Rd8 29. b4 a6 30. a4 Qc6 31. a5 Qb5 32. f4 h6 33. f5 Rab8 34. Rb1 Rb7 35. f6 g6 36. e6 fxe6 37. Rxe6 Rf7 38. Rbe1 Qb8+ 39. Kh1 Qg3 40. Re7 Rxe7 41. fxe7 Qxe1+ 42. Kh2 Qxe7 43. Qb6 Qd6+ 44. Qxd6 Rxd6 45. Kg3 d4 46. Kf3 d3 47. Kf2 d2 48. Kf3 d1=Q+ 49. Kg3 Qd3+ 50. Kh2 Rf6 51. Kh1 Rf1+ 52. Kh2 Qd6+ 53. g3 Qd2# 0-1

[Event "Junior Online 4NCL Division 3"]
[Site "online"]
[Date "2021.10.28"]
[EventDate "2021.10.28"]
[Round "6.37"]
[White "Balaggan, Karam S"]
[WhiteElo "1313"]
[WhiteTeam "Colchester Juniors B"]
[Black "O'Sullivan, Conor"]
[BlackElo "1290"]
[BlackTeam "The Hall 2"]
[Result "1-0"]
[PlyCount "53"]

1. e4 e5 2. Nf3 Nc6 3. Bb5 Nf6 4. O-O Bc5 5. Re1 d6 6. d4 Bb6 7. d5 a6 8. Bxc6+ bxc6 9. dxc6 Ng4 10. Re2 a5 11. h3 Nh6 12. Nc3 Ba6 13. Re1 O-O 14. Nd5 Bc4 15. Nxb6 cxb6 16. b3 Be6 17. Ba3 Re8 18. Bxd6 b5 19. c7 Qd7 20. Bxe5 Rac8 21. Qxd7 Bxd7 22. Rad1 Be6 23. Rd2 a4 24. Red1 axb3 25. Rd8 Kf8 26. Rxc8 Rxc8 27. Rd8+ 1-0

[Event "Junior Online 4NCL Division 3"]
[Site "online"]
[Date "2021.10.28"]
[EventDate "2021.10.28"]
[Round "6.38"]
[White "Kohli, Aryan"]
[WhiteElo "1251"]
[WhiteTeam "The Hall 2"]
[Black "Beer, James"]
[BlackElo "1275"]
[BlackTeam "Colchester Juniors B"]
[Result "1-0"]
[PlyCount "71"]

1. d4 d5 2. Bf4 Nc6 3. e3 Bf5 4. c3 Nf6 5. Bd3 Bg6 6. Nf3 Ne4 7. Nbd2 Nxf2 8. Kxf2 Bxd3 9. Nb3 Be4 10. Rf1 e6 11. Kg1 Bd6 12. Bxd6 Qxd6 13. Ng5 Bg6 14. Qf3 O-O 15. Rf2 Ne7 16. Raf1 Nf5 17. Nc5 b6 18. Nb7 Qc6 19. e4 dxe4 20. Qxe4 Qxe4 21. Nxe4 Rab8 22. Na5 bxa5 23. Nc5 Rfd8 24. Na6 Rb6 25. Nxc7 Rc8 26. Nxe6 fxe6 27. Re1 Nh4 28. Rf4 Nf5 29. Rfe4 Ne7 30. Rxe6 Rxe6 31. Rxe6 Nd5 32. Ra6 Nf4 33. Rxa7 Ne2+ 34. Kf2 Rf8+ 35. Kxe2 Re8+ 36. Kd2 1-0

[Event "Junior Online 4NCL Division 3"]
[Site "online"]
[Date "2021.10.28"]
[EventDate "2021.10.28"]
[Round "6.41"]
[White "Li, Lucian"]
[WhiteElo "1348"]
[WhiteTeam "Uxbridge B"]
[Black "Man, Felix"]
[BlackElo "1264"]
[BlackTeam "Muswell Hill Primary"]
[Result "1-0"]
[PlyCount "139"]

1. e4 e5 2. Nf3 Nc6 3. Bc4 Bc5 4. c3 d6 5. d4 Bb6 6. d5 Nce7 7. Nbd2 c6 8. Nb3 Nf6 9. dxc6 bxc6 10. Qd3 d5 11. exd5 cxd5 12. Bb5+ Bd7 13. Bxd7+ Qxd7 14. Nxe5 Qe6 15. Qe2 Ne4 16. Nd3 O-O 17. O-O Nc5 18. Qxe6 Nxe6 19. Bd2 Rac8 20. Ne5 Rc7 21. Rfe1 Nc6 22. Nxc6 Rxc6 23. Be3 Bxe3 24. Rxe3 Rd6 25. Rd1 Rfd8 26. Nd4 Nxd4 27. Rxd4 h6 28. Red3 Ra6 29. a3 Rb6 30. Rd2 g6 31. c4 Rc6 32. f3 Kg7 33. cxd5 Rcd6 34. Kf2 Kf6 35. Ke3 Re8+ 36. Re4 Red8 37. Red4 Ke5 38. f4+ Kf6 39. Kf3 g5 40. fxg5+ hxg5 41. h3 Ke5 42. Re4+ Kf5 43. g4+ Kg6 44. Red4 f6 45. Ke3 Rh8 46. Rh2 Rhd8 47. Kd3 Rxd5 48. Rxd5 Rxd5+ 49. Ke4 Rb5 50. Kd4 Rb3 51. Kc4 Re3 52. a4 Re4+ 53. Kb5 Re5+ 54. Ka6 Re4 55. Kxa7 Rxa4+ 56. Kb6 Rc4 57. Kb5 Rc1 58. b4 Rc8 59. Ka6 Kf7 60. b5 Ke7 61. b6 Kd7 62. b7 Rb8 63. Ka7 Kc7 64. Rc2+ Kd8 65. Kxb8 Ke8 66. Ka7 Kf8 67. b8=Q+ Kf7 68. Rc7+ Kg6 69. Qg8+ Kh6 70. Rh7# 1-0

[Event "Junior Online 4NCL Division 3"]
[Site "online"]
[Date "2021.10.28"]
[EventDate "2021.10.28"]
[Round "6.42"]
[White "Bagshaw, Freddie"]
[WhiteElo "1160"]
[WhiteTeam "Muswell Hill Primary"]
[Black "Gauri, Dhairye"]
[BlackElo "1326"]
[BlackTeam "Uxbridge B"]
[Result "0-1"]
[PlyCount "58"]

1. e4 e5 2. Nf3 Nc6 3. Bc4 Be7 4. Nc3 Nf6 5. O-O d6 6. d3 h6 7. Nd5 O-O 8. Nxe7+ Qxe7 9. Nh4 a6 10. Nf5 Bxf5 11. exf5 b5 12. Bb3 Nd4 13. h3 Nxf5 14. a3 a5 15. Ba2 b4 16. a4 c5 17. c3 Rab8 18. Qf3 Nh4 19. Qg3 Nh5 20. Qg4 Nf4 21. g3 b3 22. Bb1 f5 23. Qd1 Nxh3+ 24. Kh2 f4 25. Kxh3 fxg3 26. Kxg3 Rf3+ 27. Kh2 Qe6 28. Rh1 Qh3+ 29. Kg1 Qg2# 0-1

[Event "Junior Online 4NCL Division 3"]
[Site "online"]
[Date "2021.10.28"]
[EventDate "2021.10.28"]
[Round "6.44"]
[White "Gibbins, Finlay"]
[WhiteElo "946"]
[WhiteTeam "Muswell Hill Primary"]
[Black "Devanathan, Harshathan"]
[BlackElo "1117"]
[BlackTeam "Uxbridge B"]
[Result "0-1"]
[PlyCount "72"]

1. e4 e5 2. Nf3 Nf6 3. Nc3 Bc5 4. Nxe5 Nc6 5. Nf3 Ng4 6. Ne5 Nxf2 7. Rg1 Nxd1 8. Nxd1 Nxe5 9. Nc3 Bxg1 10. d3 Qh4+ 11. Kd1 Qg4+ 12. Kd2 Bxh2 13. Be2 Bf4+ 14. Ke1 Bg3+ 15. Kd1 Qh4 16. Nd5 Qh5 17. Nxc7+ Kd8 18. Nxa8 Qh1+ 19. Kd2 Bf4+ 20. Kc3 b5 21. Nb6 b4+ 22. Kxb4 Qxg2 23. Bh5 Qxc2 24. Bxf4 f6 25. Rc1 Qxb2+ 26. Ka4 Qxb6 27. Bd1 a5 28. Bd2 Ke7 29. Bc3 Ba6 30. Bc2 Qb5+ 31. Ka3 Rc8 32. Rb1 Rxc3+ 33. Rb3 Rxb3+ 34. Bxb3 Qc5+ 35. Ka4 Nc6 36. d4 Qb4# 0-1

[Event "Junior Online 4NCL Division 3"]
[Site "online"]
[Date "2021.10.28"]
[EventDate "2021.10.28"]
[Round "6.45"]
[White "Man, Felix"]
[WhiteElo "1264"]
[WhiteTeam "Muswell Hill Primary"]
[Black "Li, Lucian"]
[BlackElo "1348"]
[BlackTeam "Uxbridge B"]
[Result "0-1"]
[PlyCount "106"]

1. e4 e6 2. d4 d5 3. e5 c5 4. c3 Nc6 5. Nf3 Qb6 6. Bd3 Bd7 7. Qb3 Qc7 8. Be3 c4 9. Bxc4 dxc4 10. Qxc4 Rc8 11. d5 exd5 12. Qxd5 Be6 13. Qe4 Nge7 14. Bf4 Ng6 15. O-O Nxf4 16. Qxf4 Be7 17. Nbd2 O-O 18. Rfe1 f6 19. Qe3 fxe5 20. Nxe5 Nxe5 21. Qxe5 Rf6 22. Nf3 Bd6 23. Qe2 Bg4 24. Qe3 Bxf3 25. gxf3 Rg6+ 26. Kf1 Bxh2 27. Ke2 Qc4+ 28. Qd3 Re8+ 29. Kd2 Qxd3+ 30. Kxd3 Rd6+ 31. Kc2 Rxe1 32. Rxe1 Rf6 33. Re8+ Kf7 34. Rb8 Bxb8 35. Kb3 h5 36. Kc4 h4 37. Kd3 h3 38. Ke2 h2 39. Kf1 h1=Q+ 40. Ke2 Re6+ 41. Kd2 Qe1+ 42. Kc2 Re2+ 43. Kb3 Qd1+ 44. Ka3 Bd6+ 45. b4 Qc1+ 46. Ka4 Rxa2+ 47. Kb5 Qg5+ 48. Kc4 b5+ 49. Kd4 Qe5+ 50. Kd3 Ra1 51. Kc2 Qe2+ 52. Kb3 Rb1+ 53. Ka3 Qb2# 0-1

[Event "Junior Online 4NCL Division 3"]
[Site "online"]
[Date "2021.10.28"]
[EventDate "2021.10.28"]
[Round "6.46"]
[White "Gauri, Dhairye"]
[WhiteElo "1326"]
[WhiteTeam "Uxbridge B"]
[Black "Bagshaw, Freddie"]
[BlackElo "1160"]
[BlackTeam "Muswell Hill Primary"]
[Result "1-0"]
[PlyCount "73"]

1. e4 e5 2. Nf3 Nc6 3. Bc4 Bc5 4. Nc3 Nf6 5. O-O O-O 6. d3 d6 7. h3 Nd4 8. Bg5 h6 9. Bh4 Nxf3+ 10. Qxf3 Bb4 11. Nd5 c6 12. Nxb4 a5 13. Nxc6 bxc6 14. c3 Rb8 15. d4 exd4 16. cxd4 Rxb2 17. e5 dxe5 18. dxe5 Rc2 19. exf6 gxf6 20. Bb3 Rd2 21. Bxf6 Qd6 22. Qg3+ Qxg3 23. fxg3 Rd3 24. g4 Bb7 25. Be7 Re8 26. Bxf7+ Kh7 27. Bxe8 c5 28. Rf6 Rg3 29. Bc6 Ba6 30. Be4+ Kg7 31. Rg6+ Kf7 32. Bd6 Re3 33. Bc2 c4 34. Rf1+ Ke8 35. Ba4+ Kd8 36. Rf8+ Re8 37. Rxe8# 1-0

[Event "Junior Online 4NCL Division 3"]
[Site "online"]
[Date "2021.10.28"]
[EventDate "2021.10.28"]
[Round "6.48"]
[White "Devanathan, Harshathan"]
[WhiteElo "1117"]
[WhiteTeam "Uxbridge B"]
[Black "Gibbins, Finlay"]
[BlackElo "946"]
[BlackTeam "Muswell Hill Primary"]
[Result "1-0"]
[PlyCount "99"]

1. e4 e5 2. Nf3 Nc6 3. Bc4 Bc5 4. b4 Bxb4 5. c3 Bc5 6. d4 exd4 7. cxd4 Bb4+ 8. Bd2 Nf6 9. Bxb4 Nxb4 10. Qb3 Nc6 11. Bxf7+ Ke7 12. e5 Nd5 13. Qxd5 Nb4 14. Qb3 Nc6 15. O-O Na5 16. Qb4+ Kxf7 17. Qxa5 b6 18. Qd5+ Ke8 19. Qxa8 Ba6 20. Qxd8+ Kxd8 21. Re1 Re8 22. Ng5 h6 23. Nf7+ Kc8 24. d5 Bc4 25. Nc3 h5 26. Rad1 Bxd5 27. Nxd5 c6 28. Nf6 Rf8 29. Nd6+ Kd8 30. Nb7+ Kc7 31. Nd6 a5 32. e6 dxe6 33. Rxe6 Rd8 34. Nxh5 Rxd6 35. Rexd6 Kb7 36. Nxg7 Kc7 37. f4 Kb7 38. f5 Ka6 39. f6 Kb5 40. f7 a4 41. Rc1 a3 42. Rd3 c5 43. Rb3+ Ka4 44. Rc4+ Ka5 45. Rxc5+ Ka6 46. Rc6 Ka5 47. Rcxb6 Ka4 48. f8=Q Ka5 49. Qf5+ Ka4 50. Qb5# 1-0

[Event "Junior Online 4NCL Division 3"]
[Site "online"]
[Date "2021.10.28"]
[EventDate "2021.10.28"]
[Round "6.51"]
[White "Sidana, Rishabh"]
[WhiteElo "1399"]
[WhiteTeam "Chess Challengers A"]
[Black "Sanger, Jake M"]
[BlackElo "2343"]
[BlackTeam "Lenzie Basilisks"]
[Result "0-1"]
[PlyCount "38"]

1. e4 c5 2. Nf3 Nc6 3. d4 cxd4 4. Nxd4 Nf6 5. Nc3 d6 6. Bg5 e6 7. Nxc6 bxc6 8. e5 dxe5 9. Qxd8+ Kxd8 10. O-O-O+ Kc7 11. Bxf6 gxf6 12. Ne4 Be7 13. Bc4 Rg8 14. g3 Bb7 15. Rd2 f5 16. Nc3 Bg5 17. f4 exf4 18. h4 Bh6 19. Rhd1 fxg3 0-1

[Event "Junior Online 4NCL Division 3"]
[Site "online"]
[Date "2021.10.28"]
[EventDate "2021.10.28"]
[Round "6.52"]
[White "Moroz, Michael"]
[WhiteElo "1388"]
[WhiteTeam "Lenzie Basilisks"]
[Black "Subramanian, Ashwanth"]
[BlackElo "1350"]
[BlackTeam "Chess Challengers A"]
[Result "1-0"]
[PlyCount "117"]

1. e4 e5 2. Nf3 Nc6 3. d4 exd4 4. Nxd4 Qh4 5. Nc3 Bb4 6. Qd3 Bxc3+ 7. bxc3 Nf6 8. Nf5 Qxe4+ 9. Qxe4+ Nxe4 10. Nxg7+ Kf8 11. Nf5 Nxc3 12. Bb2 Rg8 13. Bxc3 d5 14. Nd4 Ne7 15. O-O-O c5 16. Nf3 d4 17. Bd2 Bg4 18. h3 Bxf3 19. gxf3 Nc6 20. Re1 Rg6 21. Bd3 Rf6 22. Bxh7 Kg7 23. Bd3 Rxf3 24. Rhg1+ Kh8 25. Bg5 f6 26. Bh4 Rg8 27. Be4 Rxg1 28. Rxg1 Rf4 29. Bxc6 Rxh4 30. Bxb7 Rxh3 31. Rh1 Rxh1+ 32. Bxh1 Kg7 33. Kd2 Kg6 34. Kd3 Kf5 35. Be4+ Ke5 36. f3 f5 37. Bb7 Kd6 38. Kc4 a5 39. Kb5 Kc7 40. Ba8 Kd6 41. Kxa5 c4 42. Kb4 d3 43. cxd3 cxd3 44. Kc3 Kc5 45. Kxd3 Kb4 46. Kd4 Ka3 47. Ke5 Kxa2 48. Kxf5 Kb3 49. Ke6 Kc4 50. f4 Kc5 51. f5 Kb6 52. f6 Ka7 53. f7 Kxa8 54. f8=Q+ Kb7 55. Qc5 Ka6 56. Qb4 Ka7 57. Kd7 Ka6 58. Kc7 Ka7 59. Qb7# 1-0

[Event "Junior Online 4NCL Division 3"]
[Site "online"]
[Date "2021.10.28"]
[EventDate "2021.10.28"]
[Round "6.53"]
[White "Ray, Ayush"]
[WhiteElo "1320"]
[WhiteTeam "Chess Challengers A"]
[Black "Marenduzzo, Ollie"]
[BlackElo "968"]
[BlackTeam "Lenzie Basilisks"]
[Result "0-1"]
[PlyCount "100"]

1. e4 c6 2. d4 d5 3. e5 Bf5 4. Nf3 e6 5. Nc3 Nd7 6. a3 c5 7. Bf4 cxd4 8. Nxd4 Bg6 9. Bd3 Bc5 10. Nb3 Bb6 11. Qe2 Ne7 12. Bxg6 Nxg6 13. Bg3 Qg5 14. O-O Ndxe5 15. Kh1 Ng4 16. f4 Qh5 17. h3 Nf6 18. Rae1 Qxe2 19. Rxe2 O-O 20. Na4 Bc7 21. Bh2 Rac8 22. Nac5 b6 23. Nd3 Rfe8 24. g4 h6 25. Kg2 Nh4+ 26. Kg1 b5 27. Ne5 Bxe5 28. fxe5 Ne4 29. Nd4 a6 30. c3 Rc4 31. Kh1 Rec8 32. Kg1 R8c7 33. Kh1 Rb7 34. Kg1 a5 35. Kh1 b4 36. axb4 axb4 37. cxb4 Rxd4 38. Rc1 Rc4 39. Rxc4 dxc4 40. Rxe4 Rxb4 41. Bg3 Nf3 42. Re2 Rb3 43. Rc2 Ng5 44. Kg2 Ne4 45. Bf4 g5 46. Bc1 Rg3+ 47. Kf1 Rxh3 48. Rxc4 Kg7 49. Be3 Rxe3 50. b4 Nd2+ 0-1

[Event "Junior Online 4NCL Division 3"]
[Site "online"]
[Date "2021.10.28"]
[EventDate "2021.10.28"]
[Round "6.54"]
[White "Lukhi, Neev"]
[WhiteElo "1003"]
[WhiteTeam "Lenzie Basilisks"]
[Black "Gupta, Shourya"]
[BlackElo "1386"]
[BlackTeam "Chess Challengers A"]
[Result "1-0"]
[PlyCount "31"]

1. e4 c5 2. Nf3 Nc6 3. d4 cxd4 4. Nxd4 e6 5. Nc3 a6 6. Bf4 Nf6 7. Qd2 Be7 8. Bg3 Qb6 9. Nb3 O-O 10. Be2 Na5 11. O-O Bb4 12. Na4 Nxb3 13. axb3 Qa5 14. c3 Be7 15. Qe3 Qc7 16. Bxc7 1-0

[Event "Junior Online 4NCL Division 3"]
[Site "online"]
[Date "2021.10.28"]
[EventDate "2021.10.28"]
[Round "6.55"]
[White "Sanger, Jake M"]
[WhiteElo "2343"]
[WhiteTeam "Lenzie Basilisks"]
[Black "Sidana, Rishabh"]
[BlackElo "1399"]
[BlackTeam "Chess Challengers A"]
[Result "1-0"]
[PlyCount "125"]

1. d4 Nf6 2. c4 g6 3. Nc3 Bg7 4. e4 d6 5. Nf3 O-O 6. Be2 e5 7. O-O Nc6 8. d5 Ne7 9. Ne1 Ne8 10. Be3 f5 11. f3 f4 12. Bf2 Nf6 13. c5 b6 14. b4 a5 15. a3 Ba6 16. Rc1 Bxe2 17. Qxe2 axb4 18. axb4 Nd7 19. cxd6 cxd6 20. Nb5 Qb8 21. Rc7 Rd8 22. Nd3 Kf8 23. h3 Nf6 24. Rfc1 g5 25. Nb2 Ra2 26. R1c2 h5 27. Nc4 Ra1+ 28. Be1 Nc8 29. Ra2 Rxa2 30. Qxa2 Rd7 31. Rc6 Ng8 32. Qa6 Nge7 33. Nxb6 Rb7 34. Nxc8 Nxc6 35. dxc6 Rxb5 36. c7 Qxc7 37. Qxb5 Qxc8 38. Qd5 Ke7 39. b5 Qc5+ 40. Qxc5 dxc5 41. Kf1 Kd6 42. Ke2 c4 43. Bb4+ Kc7 44. Bc5 Bf6 45. Kd2 Kd7 46. Kc3 Bd8 47. Kxc4 Bc7 48. Kd5 Bb8 49. Ba3 Bc7 50. Bb2 Bb6 51. Bxe5 Ke7 52. Bd6+ Kd7 53. e5 Bd8 54. e6+ Ke8 55. Kc6 g4 56. hxg4 hxg4 57. fxg4 f3 58. gxf3 Bf6 59. b6 Bg5 60. b7 Bd8 61. f4 Bh4 62. b8=Q+ Bd8 63. Qb7 1-0

[Event "Junior Online 4NCL Division 3"]
[Site "online"]
[Date "2021.10.28"]
[EventDate "2021.10.28"]
[Round "6.56"]
[White "Subramanian, Ashwanth"]
[WhiteElo "1350"]
[WhiteTeam "Chess Challengers A"]
[Black "Moroz, Michael"]
[BlackElo "1388"]
[BlackTeam "Lenzie Basilisks"]
[Result "1-0"]
[PlyCount "87"]

1. e4 e5 2. Nf3 Nc6 3. Bc4 Bc5 4. Nc3 Nf6 5. d3 h6 6. h3 O-O 7. Be3 Bb6 8. Nd5 Nxd5 9. exd5 Na5 10. Nxe5 Re8 11. Bxb6 Rxe5+ 12. Be3 d6 13. O-O Qf6 14. Bd4 Qg6 15. Bxe5 Bxh3 16. Bg3 Bd7 17. b4 Nxc4 18. dxc4 Bg4 19. Qe1 Qxc2 20. f3 Bd7 21. Qe4 Qa4 22. a3 Re8 23. Qb1 Qa6 24. Rc1 Re3 25. a4 Re1+ 26. Bxe1 b6 27. b5 Qc8 28. a5 Bf5 29. Qb2 Qd7 30. axb6 axb6 31. Bc3 f6 32. Qe2 Qf7 33. g4 Bh7 34. Qe6 Qxe6 35. dxe6 Kf8 36. f4 Ke7 37. f5 g6 38. Rf1 gxf5 39. gxf5 h5 40. Ra7 Kd8 41. Bxf6+ Kc8 42. Rfa1 Bxf5 43. Ra8+ Kb7 44. R1a7# 1-0

[Event "Junior Online 4NCL Division 3"]
[Site "online"]
[Date "2021.10.28"]
[EventDate "2021.10.28"]
[Round "6.57"]
[White "Marenduzzo, Ollie"]
[WhiteElo "968"]
[WhiteTeam "Lenzie Basilisks"]
[Black "Ray, Ayush"]
[BlackElo "1320"]
[BlackTeam "Chess Challengers A"]
[Result "1-0"]
[PlyCount "37"]

1. e4 e5 2. d4 exd4 3. Nf3 Nc6 4. Nxd4 Bc5 5. Nb3 Bb6 6. Nc3 d6 7. Bb5 Bd7 8. Qe2 h6 9. Be3 Bxe3 10. Qxe3 Nf6 11. f3 O-O 12. O-O-O a6 13. Bxc6 Bxc6 14. g4 Re8 15. Rhg1 d5 16. g5 Nh7 17. gxh6 g6 18. Qd4 dxe4 19. Qg7# 1-0

[Event "Junior Online 4NCL Division 3"]
[Site "online"]
[Date "2021.10.28"]
[EventDate "2021.10.28"]
[Round "6.58"]
[White "Gupta, Shourya"]
[WhiteElo "1386"]
[WhiteTeam "Chess Challengers A"]
[Black "Lukhi, Neev"]
[BlackElo "1003"]
[BlackTeam "Lenzie Basilisks"]
[Result "0-1"]
[PlyCount "76"]

1. d4 Nf6 2. Bf4 d5 3. e3 e6 4. c4 c6 5. Nc3 Qb6 6. Qb3 Nbd7 7. c5 Qxb3 8. axb3 Be7 9. Nf3 O-O 10. Bd3 b6 11. b4 Bb7 12. e4 a5 13. bxa5 bxc5 14. dxc5 Nxc5 15. Bc2 Ncxe4 16. Nxe4 Nxe4 17. O-O f5 18. Nd4 Rf6 19. f3 Bc5 20. fxe4 Bxd4+ 21. Kh1 fxe4 22. a6 Bxa6 23. Bg3 Rxf1+ 24. Rxf1 Bxf1 25. h3 Bd3 26. Bxd3 exd3 27. Bf4 Ra1+ 28. Kh2 Rd1 29. h4 d2 30. b4 Be5 31. Bxe5 Re1 32. Bc3 d1=Q 33. Bxe1 Qxe1 34. Kh3 d4 35. b5 d3 36. b6 d2 37. b7 Qe5 38. b8=Q+ Qxb8 0-1

[Event "Junior Online 4NCL Division 3"]
[Site "online"]
[Date "2021.10.28"]
[EventDate "2021.10.28"]
[Round "6.62"]
[White "Harb, Laith A"]
[WhiteElo "1294"]
[WhiteTeam "JHJ Shark Tank 7"]
[Black "Kovalev, Rostislav"]
[BlackElo "1032"]
[BlackTeam "Brentwood School B"]
[Result "1/2-1/2"]
[PlyCount "47"]

1. d4 c5 2. Nf3 e6 3. Bf4 d5 4. e3 Nc6 5. c4 Nf6 6. Nc3 Be7 7. cxd5 exd5 8. Be2 O-O 9. O-O Bf5 10. Rc1 c4 11. a3 Na5 12. Qe1 Nb3 13. Rd1 Bc2 14. Rd2 Nxd2 15. Qxd2 Bg6 16. Ne5 Bd6 17. Nxg6 fxg6 18. Bxd6 Qxd6 19. Qc2 Rae8 20. Bf3 a6 21. Re1 b5 22. h3 Rf7 23. Rd1 Ref8 24. Qe2 1/2-1/2

[Event "Junior Online 4NCL Division 3"]
[Site "online"]
[Date "2021.10.28"]
[EventDate "2021.10.28"]
[Round "6.64"]
[White "Patel, Taran"]
[WhiteElo "1255"]
[WhiteTeam "JHJ Shark Tank 7"]
[Black "Cheema, Dilsher"]
[BlackElo "1016"]
[BlackTeam "Brentwood School B"]
[Result "1-0"]
[PlyCount "67"]

1. c4 e5 2. d4 exd4 3. Nf3 Bc5 4. Nxd4 Bxd4 5. Qxd4 Nc6 6. Qxg7 Qf6 7. Qxf6 Nxf6 8. b3 d6 9. Bb2 Ke7 10. Nc3 Rd8 11. Nd5+ Nxd5 12. cxd5 Nb4 13. Kd1 Nxd5 14. e3 Bg4+ 15. f3 Be6 16. e4 Nf6 17. g4 d5 18. g5 Ng8 19. Ba3+ Ke8 20. e5 c6 21. f4 Bg4+ 22. Be2 Bxe2+ 23. Kxe2 h6 24. h4 hxg5 25. hxg5 Ne7 26. Kf3 b6 27. Rae1 c5 28. e6 fxe6 29. Rxe6 d4 30. g6 Kf8 31. Rh8+ Ng8 32. Bc1 Kg7 33. Rh7+ Kf8 34. Rf7# 1-0

[Event "Junior Online 4NCL Division 3"]
[Site "online"]
[Date "2021.10.28"]
[EventDate "2021.10.28"]
[Round "6.66"]
[White "Kovalev, Rostislav"]
[WhiteElo "1032"]
[WhiteTeam "Brentwood School B"]
[Black "Harb, Laith A"]
[BlackElo "1294"]
[BlackTeam "JHJ Shark Tank 7"]
[Result "0-1"]
[PlyCount "68"]

1. e4 c5 2. Nf3 d6 3. Bc4 Nf6 4. Ng5 e6 5. O-O a6 6. a3 Be7 7. f4 b5 8. Ba2 Bb7 9. d3 Nbd7 10. f5 Nf8 11. fxe6 fxe6 12. Nxe6 Nxe6 13. Bxe6 Bc8 14. Bxc8 Rxc8 15. Bg5 O-O 16. Bxf6 Bxf6 17. Nc3 c4 18. Nd5 Bxb2 19. Ra2 Bf6 20. Qg4 Bd4+ 21. Rf2 Bxf2+ 22. Kh1 Bc5 23. Ra1 Bxa3 24. h3 Bb2 25. Rxa6 Rf1+ 26. Kh2 Be5+ 27. g3 Rf2+ 28. Kg1 Rxc2 29. Ra7 Bd4+ 30. Kh1 Bxa7 31. Qe6+ Kh8 32. Nb4 Rc1+ 33. Kg2 Qf8 34. g4 Qf2# 0-1

[Event "Junior Online 4NCL Division 3"]
[Site "online"]
[Date "2021.10.28"]
[EventDate "2021.10.28"]
[Round "6.68"]
[White "Cheema, Dilsher"]
[WhiteElo "1016"]
[WhiteTeam "Brentwood School B"]
[Black "Patel, Taran"]
[BlackElo "1255"]
[BlackTeam "JHJ Shark Tank 7"]
[Result "0-1"]
[PlyCount "24"]

1. e4 d5 2. exd5 Nf6 3. Nc3 c6 4. dxc6 Nxc6 5. Bb5 Qb6 6. Bxc6+ bxc6 7. Nf3 Ng4 8. O-O Ba6 9. Re1 Qc7 10. h3 h5 11. hxg4 hxg4 12. Nh2 Qxh2# 0-1

[Event "Junior Online 4NCL Division 3"]
[Site "online"]
[Date "2021.10.28"]
[EventDate "2021.10.28"]
[Round "6.71"]
[White "Amos, Michael"]
[WhiteElo "1690"]
[WhiteTeam "Farnham Fantasticos A"]
[Black "Korossy, Nandi"]
[BlackElo "1610"]
[BlackTeam "Wanstead Warriors 1"]
[Result "1-0"]
[PlyCount "99"]

1. e4 e5 2. Nf3 Nc6 3. Bc4 Bc5 4. b4 Bxb4 5. c3 Ba5 6. d4 exd4 7. O-O Nge7 8. cxd4 d5 9. exd5 Nxd5 10. Qe2+ Be6 11. Ng5 Qd7 12. Nxe6 Qxe6 13. Qxe6+ fxe6 14. Bd2 Bb6 15. Re1 Nxd4 16. Bxd5 Nc2 17. Rxe6+ Kd7 18. Bc3 Rhf8 19. Re2 Nxa1 20. Bxa1 c6 21. Be6+ Kd6 22. Bb3 Rae8 23. Rd2+ Kc7 24. Kf1 Ba5 25. Bxg7 Rf4 26. Re2 Rxe2 27. Kxe2 Re4+ 28. Kf3 Re8 29. Nc3 Re7 30. Bf6 Re8 31. Kg4 Rf8 32. Kg5 Rxf6 33. Kxf6 Bxc3+ 34. Kg5 Kd6 35. Kh6 Be1 36. f4 Bd2 37. Kxh7 Bxf4 38. h4 Ke5 39. g4 Bg3 40. h5 Bh4 41. Kg6 b5 42. h6 Bf6 43. g5 Bh8 44. Kh7 Bf6 45. gxf6 Kxf6 46. Kg8 c5 47. h7 c4 48. h8=Q+ Ke6 49. Bxc4+ bxc4 50. Qd4 1-0

[Event "Junior Online 4NCL Division 3"]
[Site "online"]
[Date "2021.10.28"]
[EventDate "2021.10.28"]
[Round "6.72"]
[White "Demetriou, Jay"]
[WhiteElo "1519"]
[WhiteTeam "Wanstead Warriors 1"]
[Black "Amos, Alice"]
[BlackElo "1431"]
[BlackTeam "Farnham Fantasticos A"]
[Result "1-0"]
[PlyCount "65"]

1. e4 c6 2. d4 d5 3. e5 Bf5 4. Bd3 Bxd3 5. Qxd3 e6 6. c3 Nd7 7. Nd2 Nb6 8. a4 Nh6 9. a5 Nd7 10. Nb3 Nf5 11. Nf3 Be7 12. O-O O-O 13. Bf4 b6 14. Rfc1 Qb8 15. Qc2 Rc8 16. Ng5 h6 17. Nf3 b5 18. Nbd2 c5 19. g4 Nh4 20. Nxh4 Bxh4 21. Nf3 Bd8 22. Be3 c4 23. h4 Be7 24. g5 h5 25. g6 f5 26. Bg5 Bxg5 27. Nxg5 Re8 28. Qe2 Kf8 29. Qxh5 Qd8 30. Nh7+ Kg8 31. Ng5 Kf8 32. Qh8+ Ke7 33. Qxg7# 1-0

[Event "Junior Online 4NCL Division 3"]
[Site "online"]
[Date "2021.10.28"]
[EventDate "2021.10.28"]
[Round "6.73"]
[White "Amos, Katherine"]
[WhiteElo "1414"]
[WhiteTeam "Farnham Fantasticos A"]
[Black "Gurusamy, Paramaguru"]
[BlackElo "1312"]
[BlackTeam "Wanstead Warriors 1"]
[Result "0-1"]
[PlyCount "78"]

1. e4 c6 2. d4 d5 3. exd5 cxd5 4. Nc3 Nc6 5. Nf3 Nf6 6. Bb5 Qb6 7. Bxc6+ bxc6 8. O-O Bg4 9. Be3 e6 10. h3 Bh5 11. Rb1 Bd6 12. Na4 Qc7 13. g4 Bg6 14. Qd2 Ne4 15. Qe2 h6 16. Nc3 O-O 17. Nxe4 Bxe4 18. Rbc1 f5 19. Ne5 fxg4 20. Qxg4 Rf6 21. f4 Bxe5 22. fxe5 Rg6 23. Qxg6 Bxg6 24. Rf2 Qe7 25. Rcf1 Qh4 26. Rf4 Qg3+ 27. Kh1 Qxh3+ 28. Kg1 Qxe3+ 29. R4f2 Be4 30. Kh2 Qxd4 31. Rf8+ Rxf8 32. Rxf8+ Kxf8 33. Kh3 Qxe5 34. Kh4 Qg5+ 35. Kh3 Qg2+ 36. Kh4 g5+ 37. Kh5 Qh2+ 38. Kg4 Qf4+ 39. Kh3 Qh4# 0-1

[Event "Junior Online 4NCL Division 3"]
[Site "online"]
[Date "2021.10.28"]
[EventDate "2021.10.28"]
[Round "6.74"]
[White "Wong, Joseph"]
[WhiteElo "1299"]
[WhiteTeam "Wanstead Warriors 1"]
[Black "Warnock, Oliver"]
[BlackElo "1255"]
[BlackTeam "Farnham Fantasticos A"]
[Result "0-1"]
[PlyCount "50"]

1. e4 c5 2. Nf3 Nc6 3. c3 e6 4. Be2 Nf6 5. d3 Be7 6. Bg5 h6 7. Bxf6 Bxf6 8. d4 cxd4 9. Nxd4 Qa5 10. Nxc6 bxc6 11. O-O O-O 12. b4 Qc7 13. Qc2 d5 14. exd5 cxd5 15. Rd1 Bb7 16. Na3 Rad8 17. Nb5 Qc6 18. Nd4 Bxd4 19. Rxd4 e5 20. Rg4 f5 21. Rh4 d4 22. Bf3 d3 23. Qb3+ Rd5 24. Bxd5+ Qxd5 25. Qd1 Qxg2# 0-1